000 00676nam1a22002171i 4500
001 rc\2820603
005 20240726060257.0
035 _a(NLR Aleph) 006979044
090 _a5512641
_c5512641
100 _a20110621f19001994|||y0rusy50 ca
101 0 _arus
102 _aRU
105 _ay z |||||
200 1 _aПол[итическая] эк[ономия] для ЗСПШ
210 _a[Бирск]
_cБ. и.
_dБ. г.
_gтип. Башполиграфтр.
215 _d21×15 см
710 0 2 _aБирская заочная советско-партийная школа
801 0 _aRU
_bNLR
_gpsbo
801 1 _aRU
_bELAR
_2rusmarc
852 _aNLR
_j33-16/148(2)
942 _cBOOK